[Event "Sautron op 14th"]
[Site "Sautron"]
[Date "2014.10.25"]
[Round "7"]
[White "Loiseau, Quentin"]
[Black "Koziak, Vitali"]
[Result "1/2-1/2"]
[WhiteElo "2354"]
[BlackElo "2456"]
[Annotator "RR"]
[PlyCount "112"]
[EventDate "2014.10.26"]
[EventType "swiss"]
[EventRounds "9"]
[EventCountry "FRA"]
[SourceTitle "EXT 2015"]
[Source "ChessBase"]
[SourceDate "2014.11.20"]
[SourceVersion "1"]
[SourceVersionDate "2014.11.20"]
[SourceQuality "1"]
[TimeControl "40/5400+30:1800+30"]
[WhiteClock "0:06:53"]
[BlackClock "0:10:42"]

1. Nf3 {[%emt 0:00:00]} c5 {[%emt 0:04:37]} 2. c4 {[%emt 0:00:13]} Nc6 {
[%emt 0:01:18]} 3. d4 {[%emt 0:00:46]} cxd4 {[%emt 0:00:09]} 4. Nxd4 {[%emt 0:
00:04]} Nf6 {[%emt 0:00:31]} 5. Nc3 {[%emt 0:00:06]} e6 {[%emt 0:04:44]} 6. g3
{[%emt 0:00:16]} (6. a3) 6... Qb6 {[%emt 0:06:03]} 7. Ndb5 {[%emt 0:02:21] Un
coup naturel mais l'inconvénient de cette variante est sa lenteur et les
Noirs ont souvent des ressources tactiques} (7. Nb3) 7... Bc5 {[%emt 0:11:51]
[%csl Rf2]} (7... Ne5 {La grande ligne}) 8. Bg2 {[%emt 0:00:29]} (8. e3 O-O 9.
Bg2 a6 10. Na3 Bxa3 11. bxa3 Ne5 12. Na4 Qd8 13. Qb3 d5 14. cxd5 exd5 15. O-O
b5 16. Nc5 Nc4 17. Qc3 Bf5 18. Qd4 Qe7 19. Nd3 Be4 20. f3 Bxd3 21. Qxd3 Rfe8
22. Re1 Rad8 23. Bd2 Nxd2 24. Qxd2 Qxa3 25. Rac1 h5 26. Rc3 Qa5 27. Rec1 Rd7
28. a3 Rde7 29. Qd4 Qd8 30. Kf2 Qd7 31. h3 Qf5 32. Kg1 Qg5 33. Kf2 Qf5 34. Kg1
a5 35. Rb3 a4 36. Rbc3 Re6 37. Re1 Re5 {Fressinet,L (2702)-Short,N (2707)
Bastia 2012 1/2-1/2 (75)}) (8. Nd6+ Ke7 9. Nde4 {[%cal Ge4c5,Ge4f2]} (9. Nxc8+
$6 Raxc8 $32 {[%csl Re1,Rf2]}) 9... Nxe4 10. Nxe4 Bb4+ 11. Bd2 d5 $132 {
Pomar Salamanca,A (2460)-Najdorf,M Siegen ol (Men) fin-A 1970 (6) 1/2}) 8... d5
{[%emt 0:30:24] Les Noirs s'étaient davantage préparés à la grande ligne 9.
e3 et ils se sont plongés dans une longue réflexion} 9. O-O $1 {[%emt 0:16:
30]} dxc4 {[%emt 0:01:17]} 10. Nd6+ {[%emt 0:09:03]} Bxd6 {[%emt 0:01:54]} (
10... Ke7 11. Nxc4 $14) 11. Qxd6 {[%emt 0:00:02]} Nb4 {[%emt 0:03:30]} 12. Qf4
{[%emt 0:05:18]} (12. Qe5 $5 O-O 13. Bh6 Ne8 14. Be3 $32 {[%csl Ra8,Rb7];
Horvath,J (2507)-Danner,G (2377) Elekes Memorial GM 28th 2003 (1) 1-0}) 12...
Qa6 {[%emt 0:10:06]} 13. b3 $1 $146 {[%emt 0:01:48][%cal Gf4b4]} (13. Be3 Nc2
14. Bc5 Nd7 15. Rad1 Nxc5 16. Qc7 Nd3 17. exd3 cxd3 18. Rxd3 Qxd3 19. Rd1 Qxd1+
20. Nxd1 Nd4 21. Qc5 Nf5 22. Nc3 Bd7 23. Bxb7 Rb8 24. Be4 Ne7 25. Qxa7 Rxb2 26.
a4 f5 27. Bd3 Rb3 28. Qd4 Kf7 29. Bb5 {1/2-1/2 (29) Mulyar,M (2422)-Moiseenko,
A (2652) Edmonton 2005}) 13... O-O {[%emt 0:03:47]} 14. Qxc4 $14 {[%emt 0:02:
46]} (14. Bb2 Bd7) 14... Nbd5 {[%emt 0:01:11]} 15. Nxd5 {[%emt 0:07:09]} Nxd5 {
[%emt 0:01:07]} 16. Bb2 $16 {[%emt 0:08:29][%csl Gb2,Rb7][%cal Gb2g7,Ge2e4]
Non seulement, les Blancs ont la paire de B mais les Noirs ont des
difficultés à terminer le développement de l'aile-dame} Qxc4 {[%emt 0:04:07]
} 17. bxc4 {[%emt 0:00:41]} Ne7 {[%emt 0:02:03]} 18. Ba3 {[%emt 0:01:06]} Re8 {
[%emt 0:00:06]} 19. Rfd1 {[%emt 0:00:17]} Nc6 {[%emt 0:01:43]} 20. Rd6 {
[%emt 0:03:40]} e5 $1 {[%emt 0:01:30]} 21. Rb1 {[%emt 0:02:40]} (21. Rxc6 $5
bxc6 22. Bxc6 Be6 23. c5 Rac8 24. Bxe8 Rxe8 25. Rc1 {[%csl Gc5]} Bxa2 26. c6
$36) 21... Na5 {[%emt 0:02:53]} 22. Bd5 {[%emt 0:15:46]} Be6 {[%emt 0:00:25]}
23. Bb4 {[%emt 0:02:26]} Nxc4 {[%emt 0:00:19]} 24. Rxe6 $1 {[%emt 0:00:16]}
Rxe6 {[%emt 0:00:09]} 25. Bxc4 {[%emt 0:00:07]} Rb6 {[%emt 0:00:20]} 26. Rb3 {
[%emt 0:08:34]} a5 {[%emt 0:00:22]} 27. Bc3 {[%emt 0:01:15]} Rxb3 {[%emt 0:03:
13]} 28. Bxb3 {[%emt 0:00:06]} e4 {[%emt 0:02:01]} 29. e3 {[%emt 0:02:36]} b5 {
[%emt 0:01:02]} 30. Bd5 {[%emt 0:00:19]} (30. Bd4) 30... Rd8 {[%emt 0:01:00]}
31. Bxe4 {[%emt 0:00:13]} Rd1+ {[%emt 0:00:18]} 32. Kg2 {[%emt 0:00:01]} b4 {
[%emt 0:00:09]} 33. Bd4 {[%emt 0:00:53]} (33. Bf3 $5) 33... Rd2 {[%emt 0:00:42]
} 34. Bd5 {[%emt 0:01:32]} a4 $132 {[%emt 0:00:14][%csl Ga4,Gb4]} 35. Kf1 {
[%emt 0:02:23]} b3 {[%emt 0:00:27]} 36. axb3 {[%emt 0:00:58]} a3 {[%emt 0:00:
03]} 37. b4 {[%emt 0:00:21]} a2 {[%emt 0:00:55]} 38. Bxa2 {[%emt 0:00:05]} Rxa2
{[%emt 0:00:05]} 39. b5 {[%emt 0:00:02]} f6 {[%emt 0:01:59]} 40. b6 {[%emt 0:
00:00]} Ra4 {[%emt 0:00:00]} 41. Ke2 {[%emt 0:05:14]} Kf7 {[%emt 0:00:56]} 42.
g4 {[%emt 0:01:30]} Ke6 {[%emt 0:03:26]} 43. h4 {[%emt 0:00:45]} Rb4 {[%emt 0:
10:48]} 44. Kd3 $11 {[%emt 0:03:20]} Kd5 {[%emt 0:00:45]} 45. h5 {[%emt 0:05:
48]} Rb3+ {[%emt 0:02:59]} 46. Ke2 {[%emt 0:00:44]} g6 {[%emt 0:01:53]} 47.
hxg6 {[%emt 0:11:58]} hxg6 {[%emt 0:00:07]} 48. Bxf6 {[%emt 0:01:27]} Rxb6 {
[%emt 0:00:08]} 49. Bd4 {[%emt 0:00:03]} Rb8 {[%emt 0:03:14]} 50. Kf3 {[%emt 0:
00:59]} Rf8+ {[%emt 0:01:56]} 51. Kg3 {[%emt 0:00:26]} Ke4 {[%emt 0:00:41]} 52.
f4 {[%emt 0:00:17]} Rb8 {[%emt 0:00:52]} 53. Kh4 {[%emt 0:05:25]} Rb5 {[%emt 0:
00:05]} 54. Be5 {[%emt 0:01:10]} Kxe3 {[%emt 0:00:34]} 55. Kg5 {[%emt 0:00:03]}
Kf3 {[%emt 0:00:14]} 56. Kxg6 {[%emt 0:00:21]} Kxg4 {[%emt 0:00:06]} 1/2-1/2

[Event "Rotterdam"]
[Site "Rotterdam"]
[Date "1990.??.??"]
[Round "?"]
[White "Kortschnoj, Viktor Lvovich"]
[Black "Timman, Jan H"]
[Result "1/2-1/2"]
[WhiteElo "2625"]
[BlackElo "2680"]
[Annotator "Ribli,Z"]
[PlyCount "34"]
[EventDate "1990.05.??"]
[EventType "tourn"]
[EventRounds "6"]
[EventCountry "NED"]
[EventCategory "16"]
[SourceTitle "CBM 018"]
[Source "ChessBase"]
[SourceDate "1990.10.01"]
[SourceVersion "1"]
[SourceVersionDate "1990.10.01"]
[SourceQuality "1"]

1. c4 c5 2. Nf3 Nf6 3. Nc3 Nc6 4. d4 cxd4 5. Nxd4 e6 6. Bg5 Qb6 {6...Qa5 7.
Bxf6, gxf6 8.e3, Bb4 9.Qd2, Rg8 10.f4, Nxd4 11.Qxd4, Bc5 12.Qd2, Qb6 
Kortschnoj-Holmov URS-ch 1957} 7. Nb3 Bb4 $5 8. Bxf6 gxf6 9. e3 Ne5 10. Rc1 Rg8
11. a3 Bxc3+ 12. Rxc3 d6 13. c5 dxc5 14. Nxc5 Nd7 15. Nb3 Ne5 16. Nc5 Nd7 17.
Nb3 Ne5 1/2-1/2

[Event "Debrecen"]
[Site "Debrecen"]
[Date "1990.??.??"]
[Round "8"]
[White "Dorfman, Josif D"]
[Black "Hansen, Curt"]
[Result "1/2-1/2"]
[WhiteElo "2595"]
[BlackElo "2570"]
[Annotator "Ribli,Z"]
[PlyCount "146"]
[EventDate "1990.06.??"]
[EventType "tourn"]
[EventRounds "11"]
[EventCountry "HUN"]
[EventCategory "13"]
[SourceTitle "CBM 020"]
[Source "ChessBase"]
[SourceDate "1991.02.01"]
[SourceVersion "1"]
[SourceVersionDate "1991.02.01"]
[SourceQuality "1"]

1. Nf3 Nf6 2. c4 c5 3. Nc3 Nc6 4. d4 cxd4 5. Nxd4 e6 6. a3 Bc5 7. Nb3 Be7 8.
Bf4 (8. e4 O-O 9. Be2 b6 10. O-O Bb7 (10... Ba6 $5) 11. Be3 Rc8 {Andersson,
U-Polugaevsky,L Biel-A 1990 CBM/19}) (8. Bg5 h6 9. Bh4 O-O 10. e3 b6 {Stohl,
I-Khalifman,A Manila izt 1990 CBM/19 49/(50)}) 8... d5 9. cxd5 Nxd5 10. Nxd5
exd5 11. e3 Bf6 12. Rb1 O-O 13. Bd3 h6 14. O-O Qe7 15. Bc2 Rd8 16. Re1 Be5 17.
Bxe5 Qxe5 18. Nd4 g6 19. Qd2 Be6 20. Nxc6 bxc6 21. b4 Kg7 22. Ba4 Bd7 23. Rbc1
a5 24. Bxc6 Bxc6 25. Rxc6 axb4 26. axb4 d4 27. Qb2 Qd5 28. Rc2 Kg8 29. exd4
Qxd4 30. g3 (30. Re8+ $2 Rxe8 31. Qxd4 Re1#) 30... Kg7 31. Qb3 Rd6 32. Qb2 Kg8
33. Qxd4 Rxd4 34. Rb1 Rb8 35. b5 Rb6 36. Rc5 Kf8 37. Re5 h5 38. Rb2 f6 39. Rc5
Ke7 40. h4 Rd7 41. f4 Rdb7 42. f5 Kd6 43. Rbc2 gxf5 44. Rxf5 Rxb5 45. Rxf6+ Ke7
46. Rcf2 Rb1+ 47. Kg2 R7b5 48. Rf7+ Ke8 49. Rg7 Rb7 50. Rg5 R7b5 51. Rff5 R5b2+
52. Rf2 Rb5 53. Rgf5 Ke7 54. Rf7+ Ke8 55. Rh7 R1b2 56. Rg7 Rxf2+ 57. Kxf2 Rb6
58. Kf3 Kf8 59. Rg5 Rh6 60. Kf4 Kf7 61. Rf5+ Kg7 62. Rg5+ Kf7 63. Kf3 Rf6+ 64.
Kg2 Rh6 65. Ra5 Rh8 66. Kf3 Kg6 67. Rg5+ Kh6 68. Kf4 Ra8 69. Re5 Kg6 70. Re6+
Kg7 71. Kf5 Ra5+ 72. Re5 Ra3 73. Kf4 Ra4+ 1/2-1/2

[Event "Bundesliga 0203"]
[Site "Germany"]
[Date "2003.03.15"]
[Round "13.6"]
[White "Graf, Alexander"]
[Black "Holzke, Frank"]
[Result "1-0"]
[WhiteElo "2635"]
[BlackElo "2479"]
[Annotator "Ribli,Z"]
[PlyCount "81"]
[EventDate "2002.10.19"]
[EventType "team-tourn"]
[EventRounds "15"]
[EventCountry "GER"]
[SourceTitle "CBM 094"]
[Source "ChessBase"]
[SourceDate "2003.05.26"]
[SourceVersion "1"]
[SourceVersionDate "2003.05.26"]
[SourceQuality "1"]
[WhiteTeam "Porz"]
[BlackTeam "Wattenscheid"]
[WhiteTeamCountry "GER"]
[BlackTeamCountry "GER"]

1. Nf3 Nf6 2. c4 c5 3. d4 cxd4 4. Nxd4 Nc6 5. Nc3 e6 6. Bg5 {Dieser Lauferzug
wird heutzutage weniger gespielt - die Alternativen sind 6.g3 (hauptsaechtlich)
,6.a3 und 6.Ndb5.} h6 (6... Bb4 7. Rc1 h6 8. Bh4 O-O (8... g5 9. Bg3 Ne4 10.
Ndb5 Nxg3 11. hxg3 a6 12. Nd6+ Ke7 13. Nxc8+ Rxc8 14. e3 d5 15. cxd5 Qxd5 16.
Qxd5 exd5 17. a3 Bxc3+ 18. Rxc3 d4 19. exd4 {1/2-1/2 Gelfand,B-Shirov,A/Monte
Carlo 1999/CBM 69 ext (19)}) (8... Bxc3+ 9. Rxc3 g5 10. Bg3 Ne4 11. Nxc6 dxc6
12. Qxd8+ Kxd8 13. Be5 f6 14. Re3 fxe5 15. Rxe4 {1-0 Pelletier,Y-Karr,J/France
2000/EXT 2001 (46)}) 9. e3 Bxc3+ 10. bxc3 Ne5 11. Be2 Ng6 12. Bxf6 Qxf6 13. O-O
d6 14. Qa4 Rd8 15. Rfd1 Bd7 16. Qa3 Be8 17. Nb3 Qe7 18. Rd2 {1/2-1/2 Psakhis,
L-Har Zvi,R/Ramat Aviv 2000/CBM 77 (18)}) (6... Qb6) 7. Bh4 Be7 (7... Qb6 8.
Nb3 d5 9. e3 dxc4 10. Bxc4 Qb4 11. Qe2 Ne4 12. a3 Nxc3 13. Qd3 Qb6 14. Qxc3 Bd6
15. Qxg7 Be5 16. Bf6 {1-0 Timoscenko,G-Ortega,L/Lido Estensi 2000/CBM 76 ext 
(29)}) 8. e3 O-O 9. Be2 Nxd4 {Statt dieses Springertausches konnte Schwarz mit
8...d6 eine Igelstellung aufbauen.} (9... d6) 10. Qxd4 d5 11. cxd5 Nxd5 (11...
exd5 12. O-O Be6 13. Rfd1 $14 {[%csl Rd5]}) 12. Bxe7 Nxe7 (12... Qxe7 13. Nxd5
exd5 14. Bf3 $14 (14. Qxd5 Qb4+ (14... Rd8 $44) 15. Qd2 Qxd2+ 16. Kxd2 Rd8+ 17.
Ke1 Be6 $44)) 13. O-O-O $1 {Es passiert nicht so oft, dass Weiß nach der
langen Seite in der Englische Eroeffnung rochiert, aber hier das ist eine gute
Entscheidung - der weiße König steht in völliger Sicherheit auf c1.} Qa5 14.
Bf3 $14 {[%csl Rc8,Gf3][%cal Gf3a8,Gd1d8] Weiß hat Entwicklungsvorteil - er
kontrolliert die d-Linie und der f3B steht auch aktiv. Es ist nicht leicht
fuer Schwarz seinen c8-Laufer zu entwickeln.} Nc6 15. Qa4 (15. Bxc6 $6 bxc6
$132) 15... Qxa4 (15... Qb6 16. Rd6 $14) 16. Nxa4 {[%csl Ga4,Gd1,Gf3] Weiß hat
aktives Figurenspiel und fuehlbaren positionellen Druck am Damenfluegel.} Ne5 (
16... Rd8 $2 17. Bxc6 Rxd1+ 18. Rxd1 bxc6 19. Nc5 $18 {[%csl Ra8,Gc5,Rc8][%cal
Gd1d8,Gd8a8,Gd8g8]}) 17. Be4 (17. Be2 Bd7 18. Nc3 Bc6 $11) 17... Ng4 (17... Bd7
18. Nc3 Bc6 19. Bxc6 Nxc6 (19... bxc6 $14) 20. Rd7 $14) 18. Rd2 {[%cal Gh1d1,
Gd1d8]} Nf6 19. Bf3 Rb8 {[%mdl 256] Schwarz bereitet 20...b6 und 21...Bb7 vor.}
20. Rc2 {[%csl Gc2][%cal Gc2c7]} e5 $1 {[%cal Gc8g4] Nach diesem Zug kann
Schwarz endlich seinen Läufer entwickeln.} (20... Bd7 21. Nc5 $14) 21. Rc5 (21.
Rd1 e4 22. Be2 Be6 $11) 21... e4 $11 {Mit diesem Zug gewinnt Schwarz Raum und
der frueher aktive weiße Laufer muss von der großen Diagonalen weichen.} 22.
Bd1 $1 (22. Be2 Bg4 $132) 22... b5 $6 (22... b6 $5 $11 {Dieser Zug scheint mir
besser, als 22...b5?! - jetzt kann Schwarz nach 23.Rc7 23...Rb7, oder 23...Bb7
ziehen.}) 23. Nc3 b4 24. Nd5 Nxd5 25. Rxd5 Be6 {[%mdl 4096]} 26. Rd4 Rbc8+ (
26... Bxa2 $2 27. b3 $18 {[%cal Rc1b2,Rb2a2]}) (26... f5 $11) 27. Kd2 (27. Kb1)
27... Bxa2 28. Bc2 Bc4 $2 (28... f5 $1 29. b3 (29. Rxb4 $11) 29... Rc3 30. Rxb4
Rfc8) 29. Bxe4 $14 {[%cal Rh1a1,Ra1a7]} a5 $2 (29... b3 30. Ra1 a6 31. Ra4 f5
$14) 30. Ra1 {[%csl Ra5][%cal Ra1a5] Mit diesem Zug gewinnt Weiß einen Bauern.}
Rcd8 (30... Rc5 $2 31. Rc1 Rfc8 32. b3 $18) 31. Rxa5 $16 {Weiß hat einen
Bauern mehr und der b4P ist auch eine potentielle Schwäche in der schwarzen
Stellung.} Rfe8 32. Bf3 Rc8 (32... Rxd4+ 33. exd4 $18) 33. Ra4 Bb3 34. Raxb4
Rc2+ 35. Ke1 Rc1+ 36. Kd2 (36. Bd1 $18) 36... Rc2+ 37. Ke1 Rc1+ 38. Bd1 $18
Bxd1 39. Rxd1 Rc2 40. Rd2 Rec8 41. Rbd4 1-0

[Event "Prague Bohemians-A"]
[Site "Prague"]
[Date "1990.??.??"]
[Round "?"]
[White "Keitlinghaus, Ludger"]
[Black "Schmittdiel, Eckhard"]
[Result "1-0"]
[WhiteElo "2415"]
[BlackElo "2455"]
[Annotator "Ribli,Z"]
[PlyCount "115"]
[EventDate "1990.01.??"]
[EventType "tourn"]
[EventRounds "13"]
[EventCountry "CZE"]
[EventCategory "8"]
[SourceTitle "CBM 017"]
[Source "ChessBase"]
[SourceDate "1990.08.01"]
[SourceVersion "1"]
[SourceVersionDate "1990.08.01"]
[SourceQuality "1"]

1. Nf3 c5 2. c4 Nc6 3. d4 cxd4 4. Nxd4 Nf6 5. Nc3 e6 6. Bf4 d6 $6 {6...d5 7.
Ndb5, e5} 7. Ndb5 e5 8. Bg5 a6 9. Na3 $5 {9.Bxf6!?, gxf6 10.Na3, Be6 11.e3 +/=}
Be7 10. g3 O-O 11. Bg2 Be6 12. O-O Qd7 {12...Rc8!?} 13. Qd2 Rfd8 14. Bxf6 $1
Bxf6 15. Nd5 Bxd5 16. Qxd5 Rab8 17. Rfd1 Ne7 18. Qa5 e4 $5 19. Bxe4 Bxb2 20.
Rab1 Bxa3 $6 {20...Bf6!?} 21. Qxa3 Qc7 22. Bf3 $1 Nc6 23. c5 dxc5 24. Qxc5
Rxd1+ 25. Rxd1 Rd8 26. Rb1 Qa5 $6 {>= 26...g6} 27. Qxa5 Nxa5 28. Bxb7 Nxb7 29.
Rxb7 g6 {>= 29...h5} 30. Ra7 Rd2 31. Rxa6 Rxe2 32. g4 Kg7 {>= 32.h5} 33. Kg2
Rc2 34. Kg3 Rc3+ 35. f3 Rc2 {>= 35...g5} 36. h4 h6 37. Ra5 Rb2 38. a4 Ra2 39.
Kf4 Ra1 40. Ra8 Kf6 41. Ra6+ Kg7 42. Ra7 Kf6 43. g5+ hxg5+ 44. hxg5+ Ke6 45.
Ra6+ Ke7 46. a5 Kf8 47. Ke5 Kg7 48. Kd5 Ra3 49. f4 Ra4 50. Kc5 Rxf4 51. Rd6 Ra4
52. a6 Kf8 53. Kb6 Ke7 54. Rf6 Ra1 55. Kb7 Rd1 56. a7 Rd7+ 57. Ka6 Rd8 58. Rb6
1-0

[Event "Tatran Cup"]
[Site "Stary Smokovec"]
[Date "1990.??.??"]
[Round "11"]
[White "Stohl, Igor"]
[Black "Horvath, Jozsef"]
[Result "1/2-1/2"]
[WhiteElo "2525"]
[BlackElo "2540"]
[Annotator "Ribli,Z"]
[PlyCount "41"]
[EventDate "1990.??.??"]
[EventType "tourn"]
[EventRounds "11"]
[EventCountry "CSR"]
[EventCategory "10"]
[SourceTitle "CBM 021"]
[Source "ChessBase"]
[SourceDate "1991.04.01"]
[SourceVersion "1"]
[SourceVersionDate "1991.04.01"]
[SourceQuality "1"]

1. c4 c5 2. Nf3 Nf6 3. Nc3 Nc6 4. d4 cxd4 5. Nxd4 e6 6. a3 Bc5 7. Nb3 Be7 8. e4
O-O 9. Be2 b6 10. Be3 Ba6 (10... Bb7 11. c5 Na5 12. Nxa5 bxa5 13. f3 Rc8 14.
Qb3 Ba8 $13 {Hansen,LB-Hansen,C Vejstrup 1989 CBM/15}) 11. O-O d6 (11... Rc8 $5
) 12. f4 Rc8 13. Kh1 Nb8 14. Nd2 d5 $1 15. cxd5 exd5 16. e5 d4 17. Bxd4 Qxd4
18. exf6 Bxf6 19. Bxa6 Nxa6 20. Nde4 Nc5 21. Nxf6+ 1/2-1/2

[Event "Bundesliga 0203"]
[Site "Germany"]
[Date "2003.01.11"]
[Round "8.4"]
[White "Speelman, Jonathan S"]
[Black "Holzke, Frank"]
[Result "1-0"]
[WhiteElo "2583"]
[BlackElo "2479"]
[Annotator "Ribli,Z"]
[PlyCount "55"]
[EventDate "2002.10.19"]
[EventType "team-tourn"]
[EventRounds "15"]
[EventCountry "GER"]
[SourceTitle "CBM 093"]
[Source "ChessBase"]
[SourceDate "2003.04.01"]
[SourceVersion "1"]
[SourceVersionDate "2003.04.01"]
[SourceQuality "1"]
[WhiteTeam "Luebeck"]
[BlackTeam "Wattenscheid"]
[WhiteTeamCountry "GER"]
[BlackTeamCountry "GER"]

1. Nf3 Nf6 2. c4 c5 3. Nc3 Nc6 4. d4 cxd4 5. Nxd4 e6 6. a3 {Der englische
Großmeister spielt diese Fortsetzung gerne. Zwar verliert Weiß viel Zeit mit
diesem Zug, aber die Möglichkeit Bb4 ist verhindert, was ein typisches Motiv
für Schwarz in dieser Variante darstellt.} Be7 (6... d5) (6... Bc5 7. Nb3 Be7)
7. g3 Ne5 $146 {Eine interessante Neuerung. Anzumerken ist in diesem
Zusammenhang, dass Schwarz sich in der Variante 6.g3 Qb6 7.Ndb5 Ne5, oder 7.
Nb3 Ne5 desselben Motivs bedient.} (7... d5 8. Bg2 O-O 9. O-O Re8 (9... dxc4
10. Nxc6 bxc6 11. Qa4 Nd5 12. Qxc6 Bd7 13. Qxc4 Rc8 14. Qa6 Nxc3 15. bxc3 Qb6 {
1/2-1/2 Anic,D-Chabanon,J/Bischwiller 1999/EXT 2001 (15)}) 10. cxd5 exd5 11.
Be3 Be6 12. Rc1 Qd7 13. Nxe6 fxe6 14. Bh3 Bf8 15. Nb5 Qf7 16. Nd4 Na5 17. Nf3
Ne4 18. Qd3 Nc6 {1/2-1/2 Speelman,J-Gulko,B/Amsterdam 1989/CBM 14 (18)}) (7...
Qb6 8. Ndb5 (8. Nf3 Ng4 $5 9. e3 O-O 10. Bg2 Nge5 11. Nxe5 Nxe5 12. b3 Bf6 13.
Ra2 $5 d5 $1 14. cxd5 Qa6 15. Bf1 Nf3+ 16. Qxf3 Bxc3+ 17. Bd2 {1/2-1/2
Tkachiev,V-Gelfand,B/Shenyang 2000/CBM 79/[Ribli] (17)}) 8... Ne5 9. Bg2 Nxc4
10. Qa4 a6 11. Qxc4 axb5 12. Qxb5 Qxb5 13. Nxb5 O-O 14. Nc7 Ra4 15. b3 Ra5 16.
a4 d5 17. Bd2 Rc5 18. Nb5 Rc6 19. Nd4 Rc7 20. O-O Bd7 21. Rfd1 Ra8 {1/2-1/2
Kortschnoj,V-Schlosser,P/Brno 1992/CBM 31/[Ribli] (58)}) (7... O-O 8. Bg2 a6 9.
O-O Qc7 10. b3 Rb8 11. e4 Rd8 12. Re1 d6 13. Be3 Nxd4 14. Qxd4 {1/2-1/2
Vallejo Pons,F-Lautier,J/Pamplona 2000/CBM 75 (14)}) 8. e4 d5 $6 {Dieser Zug
führt zu kompliziertem Spiel, aber Weiß bekommt die Initiative. Nach meiner
persönlichen Meinung wäre es besser für Schwarz die Stellung geschlossen zu
halten.} (8... d6 9. f4 Ned7 10. Bg2 $14) (8... Qb6 $5 {Jetzt droht 9...Qxd4
und nach 9.Be3? kommt 9...Neg4.}) 9. cxd5 exd5 10. Bb5+ Bd7 11. Bf4 Ng6 (11...
Nc6 $2 12. e5 $16) 12. e5 Ne4 {[%mdl 2048]} 13. Nxe4 {Weiß nimmt nicht den Pd5,
was sehr gefährlich wäre, wie die folgenden Varianten illustrieren:} (13. Nxd5
O-O $1 (13... Bc5 14. Qa4 $5 (14. O-O O-O $5 (14... Bxd4 15. Qxd4 Bxb5 16. Rfd1
Nxf4 17. gxf4 Ng5 18. fxg5 Qxg5+ 19. Kh1 Bc6 $15) 15. Bc4 Nxf4 16. gxf4 (16.
Nxf4 Qb6 $36) 16... Qh4 17. f3 Ng3 $17) 14... Nxf2 15. Kxf2 Bxd4+ 16. Kg2 $16 (
16. Qxd4 Bxb5 17. Qc5 Bc6 18. Rhd1 $16)) 14. Nxe7+ Qxe7 15. Bd3 Nc5 16. Bxg6
hxg6 $13 (16... fxg6 $13)) 13... Nxf4 (13... Bxb5 $5 14. Nxb5 dxe4 15. Qxd8+
Rxd8 16. Ke2 O-O 17. Nxa7 Rd5 $132) 14. gxf4 Bxb5 (14... dxe4 15. Qa4 $36) 15.
Nxb5 dxe4 16. Qxd8+ Rxd8 17. Ke2 $14 {[%csl Gb5,Ge2,Re4][%mdl 4096] Es ist
wahr, dass Weiß einen Doppelbauern auf der f-Linie hat, aber sein König steht
aktiv und der Nb5 ist auch wirksam postiert. Andererseits ist der Pe4 schwach
und der Be7 steht etwas passiv.} f6 $6 (17... O-O $5 18. Rhd1 $5 $14 (18. Nxa7
Rd5 19. Rad1 (19. Rhd1 Ra5 20. Rd7 Bc5 21. b4 Bxb4) 19... Ra5 20. Rd7 Bxa3 21.
bxa3 Rxa7 22. Rb1 Rxa3 23. Rbxb7 Rh3 24. e6 fxe6 25. Rxg7+ Kh8 $11)) 18. Nc7+
Kf7 19. e6+ {[%csl Ge6]} Kg6 20. Rhg1+ Kh6 {[%csl Rh6] Der schwarze König ist
in Sicherheit, aber er steht sehr passiv auf h6.} 21. Rad1 $16 {[%cal Gd1d7]
Die weiße positionelle Drohung ist 22.Rd7.} Rd6 (21... g6 22. Rd7 Rxd7 23. exd7
$16 {[%csl Gd7]}) 22. f5 Rhd8 23. Rxd6 Bxd6 (23... Rxd6 24. Ke3 $18 (24. Rg3
$18)) 24. Nb5 (24. Nd5) 24... Be7 (24... Be5 25. Rd1 $18) 25. Nxa7 g6 (25...
Ra8 26. Nb5 Ra5 27. Nd4 $18) 26. Rc1 $1 $18 {[%csl Gc1][%cal Rc1c8]} (26. Rd1
Rxd1 27. Kxd1 Kg7) 26... gxf5 27. Rc7 Re8 (27... Ra8 28. Nc8 $18) 28. Rc8 $1 (
28. Rc8 Rxc8 29. Nxc8 Bf8 30. e7 $18) 1-0

[Event "Toronto1"]
[Site "Toronto"]
[Date "1990.??.??"]
[Round "1"]
[White "Vaganian, Rafael A"]
[Black "Nickoloff, Bryon"]
[Result "1-0"]
[WhiteElo "2605"]
[BlackElo "2435"]
[Annotator "Ribli,Z"]
[PlyCount "64"]
[EventDate "1990.04.??"]
[EventType "tourn"]
[EventRounds "11"]
[EventCountry "CAN"]
[EventCategory "9"]
[SourceTitle "CBM 020"]
[Source "ChessBase"]
[SourceDate "1991.02.01"]
[SourceVersion "1"]
[SourceVersionDate "1991.02.01"]
[SourceQuality "1"]

1. Nf3 c5 2. c4 Nf6 3. Nc3 Nc6 4. d4 cxd4 5. Nxd4 e6 6. g3 Qb6 7. Ndb5 $5 Ne5
8. Bg2 a6 9. Qa4 Rb8 10. Be3 Bc5 11. Bxc5 Qxc5 12. Qa3 Qxa3 13. Nxa3 Ke7 (13...
d6 14. f4 Nc6 15. O-O-O Ke7 {Speelman,J-Timman,J London cs 1989 CBM/15 48/45})
14. f4 Nc6 15. h3 b5 16. cxb5 Na7 17. e4 axb5 18. b4 d6 19. Kf2 Ba6 20. Rhc1
Rhc8 21. Rab1 Rb6 22. Rb2 Bb7 23. Rbc2 Rb8 24. Ke3 Bc6 25. Nab1 Bd7 26. e5 Ne8
27. Ne2 d5 28. Nd4 Rc8 29. Rxc8 Nxc8 30. Bf1 Kd8 31. Nd2 Ra6 32. Rc2 Ra4 1-0